=LDR 00000nam 2200000 4500 =001 INLIS000000000042645 =005 20131008015440 =008 ***********************************Ind** =035 ##$$0010-101300000000567 =041 ##$$a Ind =082 ##$$a 613.71 =090 ##$$a 613.71, Dia b =100 ##$$a Diah Erna Triningsih =245 ##$$a Bugar =260 ##$$a 2011 $b Jakarta =300 ##$$a iv, 68 hlm., ilus, 26 cm =650 ##$$a Kesehatan Jasmani =850 ##$$a NBPNMAT